BSOP header

使徒行傳與保羅書信要領 Shi tu xing zhuan yu Baoluo shu xin yao ling = Essentials of the Bible : Acts and Paul's epistles {ch} / (Record no. 22094)

MARC details
000 -LEADER
fixed length control field 00936nam a2200229 4500
005 - DATE AND TIME OF LATEST TRANSACTION
control field 20190510110557.0
008 - FIXED-LENGTH DATA ELEMENTS--GENERAL INFORMATION
fixed length control field 041208s2003 -hk chi
020 ## - INTERNATIONAL STANDARD BOOK NUMBER
International Standard Book Number 9624572453 :
Terms of availability HK68/57.80
020 ## - INTERNATIONAL STANDARD BOOK NUMBER
International Standard Book Number 9789624572452
090 ## - LOCALLY ASSIGNED LC-TYPE CALL NUMBER (OCLC); LOCAL CALL NUMBER (OCLC)
Classification number (OCLC) (R) ; Classification number, CALL (RLIN) (NR) BS2617.5
Local cutter number (OCLC) ; Book number/undivided call number, CALL (RLIN) C42e
100 1# - MAIN ENTRY--PERSONAL NAME
Personal name 張達民 Cheung, Alex T. M.
245 10 - TITLE STATEMENT
Title 使徒行傳與保羅書信要領 Shi tu xing zhuan yu Baoluo shu xin yao ling = Essentials of the Bible : Acts and Paul's epistles {ch} /
Statement of responsibility, etc 張達民, 黃錫木著; Alex T. M. Cheung, Simon S. M. Wong.
260 ## - PUBLICATION, DISTRIBUTION, ETC. (IMPRINT)
Place of publication, distribution, etc Hong Kong :
Name of publisher, distributor, etc Logos Publishers,
Date of publication, distribution, etc c2003.
300 ## - PHYSICAL DESCRIPTION
Extent xviii, 213 p. :
Other physical details illus.
Dimensions 23 cm.
490 ## - SERIES STATEMENT
Series statement 聖經通識叢書 Sheng jing tong shi cong shu.
630 04 - SUBJECT ADDED ENTRY--UNIFORM TITLE
Uniform title Bible. N.T. Acts
General subdivision Criticism, interpretation, etc. {ch}.
630 04 - SUBJECT ADDED ENTRY--UNIFORM TITLE
Uniform title Bible. N.T. Espistles of Paul
General subdivision Criticism, interpretation, etc. {ch}.
951 ## - EQUIVALENCE OR CROSS-REFERENCE-GEOGRAPHIC NAME/AREA NAME [OBSOLETE] [CAN/MARC only]
General subdivision 00030172
700 1# - ADDED ENTRY--PERSONAL NAME
Personal name Wong, Simon S. M.
942 ## - ADDED ENTRY ELEMENTS (KOHA)
Source of classification or shelving scheme Library of Congress Classification
Item type Books
Koha issues (borrowed), all copies 7
Holdings
Withdrawn status Lost status Source of classification or shelving scheme Damaged status Not for loan Home library Current library Shelving location Date acquired Accession number Shelving control number Total Checkouts Full call number Barcode Date last seen Date last borrowed Price effective from Koha item type Source of acquisition Copy number
    Library of Congress Classification     BSOP Library BSOP Library Chinese Books (General Circulation) 12/21/2000 C-5709 127 2 BS2617.5 C42e 00030172 05/26/2016 04/26/2016 02/23/2013 Books    
    Library of Congress Classification     BSOP Library BSOP Library Chinese Books (General Circulation) 09/29/2014 C-12286   3 BS2617.5 C42e c.2 00044686 05/14/2019 05/10/2019 09/29/2014 Books gift : Brother Daniel c. 2
    Library of Congress Classification     BSOP Library BSOP Library Chinese Books (General Circulation) 07/02/2015 C-14218   2 BS2617.5 C42 c.3 00046621 06/02/2017 05/30/2017 07/02/2015 Books gift : Brother Daniel c.3
BSOP

Biblical Seminary of the Philippines
  All rights Reserved
  © 2024

CONTACT INFORMATION

Biblical Seminary of the Philippines,
  77-B Karuhatan Road, Valenzuela City,
  PHILIPPINES 1441
  Phone: +632 8292-6795 / 8292-6798
  Fax : +632 8292-6675
  Email: library@bsop.edu.ph